|
|
|
|
| LEADER |
00000cas a2200000 a 4500 |
| 001 |
vtls010300932 |
| 003 |
SK-MaSNL |
| 005 |
20260228162705.0 |
| 008 |
110810d19501950xo mr p r 0 b0slo |
| 040 |
|
|
|a SNK
|b slo
|c SNK
|e AACR2
|
| 041 |
0 |
|
|a slo
|
| 044 |
|
|
|a xo
|c SK
|
| 072 |
|
7 |
|a 00
|x Veda. Všeobecnosti. Základy vedy a kultúry. Vedecká práca
|2 konspekt
|
| 072 |
|
7 |
|a 66
|x Chemický priemysel. Chemická technológia
|2 konspekt
|
| 080 |
|
|
|a 66
|2 2001
|
| 080 |
|
|
|a 001.894.2
|2 2001
|
| 080 |
|
|
|a 050
|2 2001
|
| 245 |
0 |
0 |
|a Závodný zlepšovateľ
|b časopis Závodného klubu zlepšovateľov
|
| 260 |
|
|
|a Nováky
|b ZS ROH Nováckych chemických závodov
|c 1950
|
| 300 |
|
|
|a 1 zv.
|c 31 cm
|
| 310 |
|
|
|a 1x mesačne
|
| 362 |
0 |
|
|a Roč. I, č. 1 (15.1.1950)-roč. I, č. 11 (17.11.1950)
|
| 500 |
|
|
|a Tlač. Academia v Prievidzi, od 4/(15. apr. 1950) Západoslov. tlačiarne, záv. v Prievidzi
|
| 500 |
|
|
|a Od čísla 12 pokračoval ako Chemokolektív
|
| 650 |
0 |
7 |
|a chemický priemysel
|2 SNKPH
|9 69615
|
| 650 |
0 |
7 |
|a zlepšovacie návrhy
|2 SNKPH
|9 51995
|
| 650 |
0 |
7 |
|a zlepšovateľstvo
|2 SNKPH
|9 271831
|
| 655 |
|
7 |
|a podnikové časopisy
|2 SNKPH
|9 265225
|
| 785 |
0 |
0 |
|t Chemokolektív
|w vtls010301358
|
| 910 |
|
|
|a snk
|
| 916 |
|
|
|a 1950
|
| 999 |
|
|
|c 8201
|d 10131
|
| 952 |
|
|
|0 0
|1 0
|4 0
|7 0
|8 5
|a SNK
|b SNK
|d 2015-02-18
|f 1
|i snkXI. 1916/55
|l 0
|o snkČSB 646/1/1950
|p 17A1047318
|r 2026-02-21 21:04:08
|t č. 1-11
|w 2026-02-21
|y PREZ
|z zviazané spolu s Chemokolektív č. 12-13
|